000 00403nam a2200169Ia 4500
001 13118
003 IN-NITTTR
005 20251114233123.0
008 251113s9999||||xx |||||||||||||| ||eng||
040 _beng
040 _cIN-NITTTR
041 _aeng
082 _a005.1 M364A
100 _aMartin, James
245 0 _aApplication development without programmers /
_cMartin, James
942 _2ddc
_cBK
999 _c15754
_d15754